[Event "2025 National K-12 Grade Championship"]
[Site "Spokane, WI USA, United States"]
[Date "2025.12.13"]
[Round "4.10"]
[White "Alpuri, Aaqil Ahmed"]
[Black "Xu, Gordon Zhenyu"]
[Result "0-1"]
[TimeControl "G/90; d10"]
[BlackTitle "CM"]
[WhiteFideId "2641640"]
[BlackFideId "30981506"]
[WhiteElo "2127"]
[BlackElo "2258"]

1. e4 {[%clk 01:25:22]} {[%emt 00:04:47]} c5 {[%clk 01:29:29]} {[%emt
00:00:41]} 2. Nf3 {[%clk 01:25:22]} {[%emt 00:00:09]} e6 {[%clk 01:29:29]}
{[%emt 00:00:04]} 3. d4 {[%clk 01:25:22]} {[%emt 00:00:05]} cxd4 {[%clk
01:29:29]} {[%emt 00:00:03]} 4. Nxd4 {[%clk 01:25:22]} {[%emt 00:00:05]} Nf6
{[%clk 01:29:29]} {[%emt 00:00:03]} 5. Bd3 {[%clk 01:24:52]} {[%emt 00:00:40]}
Nc6 {[%clk 01:27:00]} {[%emt 00:02:39]} 6. Nf3 {[%clk 01:23:51]} {[%emt
00:01:11]} d5 {[%clk 01:24:49]} {[%emt 00:02:21]} 7. exd5 {[%clk 01:23:51]}
{[%emt 00:00:06]} Nxd5 {[%clk 01:23:59]} {[%emt 00:01:00]} 8. a3 {[%clk
01:22:33]} {[%emt 00:01:28]} Bd6 {[%clk 01:23:12]} {[%emt 00:00:56]} 9. O-O
{[%clk 01:22:31]} {[%emt 00:00:12]} O-O {[%clk 01:13:18]} {[%emt 00:10:04]} 10.
c4 {[%clk 01:20:10]} {[%emt 00:02:32]} Nf4 {[%clk 01:11:27]} {[%emt 00:02:00]}
11. Bxf4 {[%clk 01:19:40]} {[%emt 00:00:40]} Bxf4 {[%clk 01:09:48]} {[%emt
00:01:49]} 12. Qe2 {[%clk 01:18:44]} {[%emt 00:01:06]} Nd4 {[%clk 01:03:37]}
{[%emt 00:06:21]} 13. Nxd4 {[%clk 01:07:56]} {[%emt 00:10:59]} Qxd4 {[%clk
01:03:35]} {[%emt 00:00:11]} 14. g3 {[%clk 01:05:48]} {[%emt 00:02:18]} Bc7
{[%clk 00:59:35]} {[%emt 00:04:08]} 15. Nc3 {[%clk 01:05:46]} {[%emt 00:00:15]}
Qe5 {[%clk 00:56:03]} {[%emt 00:03:41]} 16. Qc2 {[%clk 01:04:28]} {[%emt
00:01:29]} f5 {[%clk 00:50:34]} {[%emt 00:05:38]} 17. Rfe1 {[%clk 01:00:29]}
{[%emt 00:04:09]} Qf6 {[%clk 00:50:33]} {[%emt 00:00:11]} 18. c5 {[%clk
00:55:30]} {[%emt 00:05:10]} Be5 {[%clk 00:45:28]} {[%emt 00:05:14]} 19. Rac1
{[%clk 00:54:12]} {[%emt 00:01:28]} Bd7 {[%clk 00:44:47]} {[%emt 00:00:51]} 20.
Bc4 {[%clk 00:47:55]} {[%emt 00:06:28]} Rae8 {[%clk 00:41:57]} {[%emt
00:02:59]} 21. b4 {[%clk 00:41:00]} {[%emt 00:07:05]} a6 {[%clk 00:39:22]}
{[%emt 00:02:45]} 22. Re3 {[%clk 00:34:04]} {[%emt 00:07:05]} f4 {[%clk
00:33:18]} {[%emt 00:06:16]} 23. Ne4 {[%clk 00:31:07]} {[%emt 00:03:06]} Qh6
{[%clk 00:31:56]} {[%emt 00:01:31]} 24. Rf3 {[%clk 00:27:33]} {[%emt 00:03:46]}
Bc6 {[%clk 00:29:35]} {[%emt 00:02:31]} 25. Re1 {[%clk 00:26:47]} {[%emt
00:00:55]} fxg3 {[%clk 00:27:26]} {[%emt 00:02:20]} 26. Rxf8+ {[%clk 00:26:47]}
{[%emt 00:00:05]} Rxf8 {[%clk 00:27:26]} {[%emt 00:00:03]} 27. hxg3 {[%clk
00:18:35]} {[%emt 00:08:22]} Bd4 {[%clk 00:26:49]} {[%emt 00:00:44]} 28. Re2
{[%clk 00:16:13]} {[%emt 00:02:35]} Bxe4 {[%clk 00:24:19]} {[%emt 00:02:40]} 29.
Rxe4 {[%clk 00:13:12]} {[%emt 00:03:11]} Rxf2 {[%clk 00:23:50]} {[%emt
00:00:39]} 30. Qxf2 {[%clk 00:12:26]} {[%emt 00:00:55]} Qc1+ {[%clk 00:23:13]}
{[%emt 00:00:47]} 31. Kg2 {[%clk 00:12:09]} {[%emt 00:00:28]} Bxf2 {[%clk
00:23:13]} {[%emt 00:00:05]} 32. Kxf2 {[%clk 00:12:09]} {[%emt 00:00:05]} Qb2+
{[%clk 00:22:51]} {[%emt 00:00:30]} 33. Kf3 {[%clk 00:10:50]} {[%emt 00:01:31]}
Qxa3+ {[%clk 00:22:41]} {[%emt 00:00:21]} 34. Kf4 {[%clk 00:10:14]} {[%emt
00:00:45]} a5 {[%clk 00:20:09]} {[%emt 00:02:42]} 35. Rxe6 {[%clk 00:08:13]}
{[%emt 00:02:12]} Qc1+ {[%clk 00:19:32]} {[%emt 00:00:46]} 0-1

[Event "2025 National K-12 Grade Championship"]
[Site "Spokane, WI USA, United States"]
[Date "2025.12.13"]
[Round "4.11"]
[White "Bates, Evan"]
[Black "Moorhouse, Will"]
[Result "0-1"]
[TimeControl "G/90; d10"]
[WhiteFideId "39940160"]
[BlackFideId "30989531"]
[WhiteElo "2082"]
[BlackElo "2194"]

1. d4 {[%clk 01:30:00]} {[%emt 00:00:04]} Nf6 {[%clk 01:27:52]} {[%emt
00:02:18]} 2. c4 {[%clk 01:30:00]} {[%emt 00:00:06]} e6 {[%clk 01:23:20]}
{[%emt 00:04:43]} 3. Nc3 {[%clk 01:29:38]} {[%emt 00:00:32]} Bb4 {[%clk
01:22:56]} {[%emt 00:00:33]} 4. e3 {[%clk 01:29:38]} {[%emt 00:00:09]} O-O
{[%clk 01:21:38]} {[%emt 00:01:27]} 5. Bd3 {[%clk 01:29:37]} {[%emt 00:00:11]}
d5 {[%clk 01:16:25]} {[%emt 00:05:23]} 6. a3 {[%clk 01:29:34]} {[%emt
00:00:14]} Bxc3+ {[%clk 01:13:23]} {[%emt 00:03:12]} 7. bxc3 {[%clk 01:29:34]}
{[%emt 00:00:01]} dxc4 {[%clk 01:13:16]} {[%emt 00:00:17]} 8. Bxc4 {[%clk
01:29:34]} {[%emt 00:00:04]} c5 {[%clk 01:13:02]} {[%emt 00:00:24]} 9. Ne2
{[%clk 01:29:24]} {[%emt 00:00:20]} Qc7 {[%clk 01:10:41]} {[%emt 00:02:31]} 10.
Bd3 {[%clk 01:27:43]} {[%emt 00:01:51]} e5 {[%clk 01:05:03]} {[%emt 00:05:48]}
11. O-O {[%clk 01:21:55]} {[%emt 00:05:58]} Nc6 {[%clk 01:02:52]} {[%emt
00:02:21]} 12. Bb2 {[%clk 01:20:14]} {[%emt 00:01:51]} Re8 {[%clk 00:59:07]}
{[%emt 00:03:56]} 13. Rc1 {[%clk 01:10:25]} {[%emt 00:09:58]} b6 {[%clk
00:52:49]} {[%emt 00:06:28]} 14. Ng3 {[%clk 01:03:56]} {[%emt 00:06:37]} Qd6
{[%clk 00:37:56]} {[%emt 00:15:03]} 15. dxe5 {[%clk 00:44:02]} {[%emt
00:20:06]} Qxe5 {[%clk 00:37:51]} {[%emt 00:00:14]} 16. Qc2 {[%clk 00:43:46]}
{[%emt 00:00:26]} Qe7 {[%clk 00:29:39]} {[%emt 00:08:22]} 17. c4 {[%clk
00:42:20]} {[%emt 00:01:37]} Ne5 {[%clk 00:28:55]} {[%emt 00:00:54]} 18. Be2
{[%clk 00:39:12]} {[%emt 00:03:18]} Bb7 {[%clk 00:24:20]} {[%emt 00:04:46]} 19.
Rcd1 {[%clk 00:35:25]} {[%emt 00:03:56]} Qe6 {[%clk 00:21:48]} {[%emt
00:02:43]} 20. e4 {[%clk 00:31:51]} {[%emt 00:03:43]} Nc6 {[%clk 00:13:39]}
{[%emt 00:08:19]} 21. f3 {[%clk 00:30:17]} {[%emt 00:01:44]} Rad8 {[%clk
00:10:39]} {[%emt 00:03:10]} 22. Nf5 {[%clk 00:29:49]} {[%emt 00:00:37]} Ne7
{[%clk 00:10:25]} {[%emt 00:00:26]} 23. Ne3 {[%clk 00:28:54]} {[%emt 00:01:04]}
Ng6 {[%clk 00:10:00]} {[%emt 00:00:35]} 24. Rxd8 {[%clk 00:27:54]} {[%emt
00:01:09]} Rxd8 {[%clk 00:10:00]} {[%emt 00:00:02]} 25. Nd5 {[%clk 00:27:40]}
{[%emt 00:00:24]} Nxd5 {[%clk 00:08:39]} {[%emt 00:01:31]} 26. cxd5 {[%clk
00:24:01]} {[%emt 00:03:48]} Qd6 {[%clk 00:08:39]} {[%emt 00:00:10]} 27. g3
{[%emt 00:01:17]} h5 {[%clk 00:07:23]} {[%emt 00:01:24]} 28. f4 {[%clk
00:21:44]} {[%emt 00:01:22]} h4 {[%clk 00:07:06]} {[%emt 00:00:28]} 29. Bh5
{[%clk 00:18:45]} {[%emt 00:03:09]} Ne7 {[%clk 00:05:06]} {[%emt 00:02:09]} 30.
Qc3 {[%clk 00:16:29]} {[%emt 00:02:27]} f6 {[%clk 00:05:06]} 31. Be2 {[%clk
00:14:00]} {[%emt 00:02:38]} Qd7 {[%clk 00:04:33]} {[%emt 00:00:44]} 32. Bc4
{[%clk 00:13:30]} {[%emt 00:00:39]} b5 {[%clk 00:04:28]} {[%emt 00:00:15]} 33.
Be2 {[%clk 00:11:36]} {[%emt 00:02:03]} c4 {[%clk 00:03:43]} {[%emt 00:00:56]}
34. a4 {[%clk 00:11:01]} {[%emt 00:00:46]} Nxd5 {[%clk 00:01:59]} {[%emt
00:01:54]} 35. exd5 Qxd5 {[%clk 00:01:59]} 36. Bf3 {[%clk 00:08:52]} {[%emt
00:00:45]} Qc5+ {[%clk 00:01:59]} {[%emt 00:00:10]} 37. Kg2 {[%clk 00:08:39]}
{[%emt 00:00:23]} Rd3 {[%clk 00:01:37]} {[%emt 00:00:31]} 38. Qe1 {[%clk
00:08:12]} {[%emt 00:00:37]} Bxf3+ {[%clk 00:01:11]} {[%emt 00:00:36]} 39. Rxf3
{[%clk 00:08:12]} {[%emt 00:00:06]} Qd5 {[%clk 00:01:11]} {[%emt 00:00:05]} 40.
Qf1 {[%clk 00:05:26]} {[%emt 00:02:56]} h3+ {[%clk 00:01:11]} {[%emt 00:00:04]}
41. Kxh3 {[%clk 00:05:24]} {[%emt 00:00:12]} Qxf3 {[%clk 00:01:11]} {[%emt
00:00:07]} 42. Qe1 {[%clk 00:05:19]} {[%emt 00:00:14]} Re3 {[%clk 00:01:11]}
{[%emt 00:00:09]} 43. Qa5 {[%clk 00:03:53]} {[%emt 00:01:36]} Qh5+ {[%clk
00:01:11]} {[%emt 00:00:05]} 44. Kg2 {[%clk 00:03:53]} {[%emt 00:00:05]} Re2+
{[%clk 00:01:11]} {[%emt 00:00:06]} 0-1

[Event "2025 National K-12 Grade Championship"]
[Site "Spokane, WI USA, United States"]
[Date "2025.12.13"]
[Round "4.12"]
[White "Vemparala, Nikash"]
[Black "Raitzin, Misha"]
[Result "1-0"]
[TimeControl "G/90; d10"]
[WhiteTitle "CM"]
[WhiteFideId "30960967"]
[BlackFideId "39921077"]
[WhiteElo "2247"]
[BlackElo "1930"]

1. c4 {[%clk 01:29:49]} {[%emt 00:00:20]} e6 {[%clk 01:30:00]} {[%emt
00:00:07]} 2. g3 {[%clk 01:29:49]} {[%emt 00:00:06]} Nf6 {[%clk 01:30:00]}
{[%emt 00:00:05]} 3. Bg2 {[%clk 01:29:49]} {[%emt 00:00:04]} d5 {[%clk
01:30:00]} {[%emt 00:00:04]} 4. Nf3 {[%clk 01:29:49]} {[%emt 00:00:03]} d4
{[%clk 01:30:00]} {[%emt 00:00:04]} 5. e3 {[%clk 01:29:17]} {[%emt 00:00:42]}
c5 {[%clk 01:30:00]} {[%emt 00:00:06]} 6. O-O {[%clk 01:29:11]} {[%emt
00:00:15]} Nc6 {[%clk 01:29:39]} {[%emt 00:00:32]} 7. d3 {[%clk 01:28:06]}
{[%emt 00:01:16]} h6 {[%clk 01:29:39]} {[%emt 00:00:05]} 8. Re1 {[%clk
01:25:31]} {[%emt 00:02:45]} Bd6 {[%clk 01:25:40]} {[%emt 00:04:09]} 9. exd4
{[%clk 01:23:54]} {[%emt 00:01:47]} cxd4 {[%clk 01:25:27]} {[%emt 00:00:22]} 10.
Na3 {[%clk 01:23:54]} {[%emt 00:00:09]} O-O {[%clk 01:18:36]} {[%emt 00:07:01]}
11. Nc2 {[%clk 01:23:28]} {[%emt 00:00:37]} a5 {[%clk 01:18:17]} {[%emt
00:00:28]} 12. a3 {[%clk 01:12:40]} {[%emt 00:10:59]} e5 {[%clk 01:17:39]}
{[%emt 00:00:47]} 13. Rb1 {[%clk 01:12:13]} {[%emt 00:00:38]} a4 {[%clk
01:16:58]} {[%emt 00:00:49]} 14. Bd2 {[%clk 01:09:36]} {[%emt 00:02:48]} Qb6
{[%clk 01:10:12]} {[%emt 00:06:56]} 15. Bb4 {[%clk 01:08:09]} {[%emt 00:01:38]}
Nxb4 {[%clk 00:56:33]} {[%emt 00:13:48]} 16. axb4 {[%clk 01:07:49]} {[%emt
00:00:29]} Bxb4 {[%clk 00:55:54]} {[%emt 00:00:50]} 17. Nxb4 {[%clk 01:05:48]}
{[%emt 00:02:11]} Qxb4 {[%clk 00:55:54]} {[%emt 00:00:02]} 18. Rxe5 {[%clk
01:05:44]} {[%emt 00:00:14]} Ra5 {[%clk 00:51:23]} {[%emt 00:04:41]} 19. Qe1
{[%clk 01:03:01]} {[%emt 00:02:53]} Qxe1+ {[%clk 00:50:50]} {[%emt 00:00:43]}
20. Rbxe1 {[%clk 01:03:01]} {[%emt 00:00:05]} Ra6 {[%clk 00:49:46]} {[%emt
00:01:11]} 21. Nxd4 {[%clk 00:52:04]} {[%emt 00:11:10]} Rd6 {[%clk 00:44:33]}
{[%emt 00:05:24]} 22. Nf5 {[%clk 00:49:34]} {[%emt 00:02:40]} Bxf5 {[%clk
00:40:49]} {[%emt 00:03:53]} 23. Rxf5 {[%clk 00:49:34]} {[%emt 00:00:02]} Rxd3
{[%clk 00:27:02]} {[%emt 00:13:57]} 24. Bxb7 {[%clk 00:49:03]} {[%emt
00:00:40]} a3 {[%clk 00:26:38]} {[%emt 00:00:35]} 25. bxa3 {[%clk 00:43:50]}
{[%emt 00:05:23]} Rxa3 {[%clk 00:25:45]} {[%emt 00:01:01]} 26. Rb5 {[%clk
00:42:40]} {[%emt 00:01:22]} Rd8 {[%clk 00:24:20]} {[%emt 00:01:32]} 27. Re2
{[%clk 00:32:38]} {[%emt 00:10:14]} Rc3 {[%clk 00:23:16]} {[%emt 00:01:11]} 28.
c5 {[%clk 00:31:00]} {[%emt 00:01:51]} Ne8 {[%clk 00:22:26]} {[%emt 00:01:00]}
29. c6 {[%clk 00:30:00]} {[%emt 00:01:10]} Nc7 {[%emt 00:01:07]} 30. Rbb2
{[%clk 00:29:20]} Ne6 {[%clk 00:21:28]} {[%emt 00:01:00]} 31. Rec2 {[%clk
00:20:10]} {[%emt 00:09:22]} Rxc2 {[%clk 00:21:23]} {[%emt 00:00:15]} 32. Rxc2
{[%clk 00:20:10]} {[%emt 00:00:03]} Nc7 {[%clk 00:21:23]} {[%emt 00:00:04]} 33.
Kg2 {[%clk 00:19:48]} {[%emt 00:00:32]} Kf8 {[%clk 00:20:25]} {[%emt 00:01:06]}
34. Re2 {[%clk 00:19:11]} {[%emt 00:00:48]} Rd6 {[%clk 00:19:27]} {[%emt
00:01:08]} 35. f4 {[%clk 00:17:56]} {[%emt 00:01:24]} Rd8 {[%clk 00:19:17]}
{[%emt 00:00:18]} 36. Kf3 {[%clk 00:15:48]} {[%emt 00:02:21]} Rd6 {[%clk
00:19:07]} {[%emt 00:00:20]} 37. Re3 {[%clk 00:14:05]} {[%emt 00:01:53]} Rd8
{[%clk 00:18:01]} {[%emt 00:01:17]} 38. g4 {[%clk 00:14:05]} {[%emt 00:00:08]}
f6 {[%clk 00:16:56]} {[%emt 00:01:15]} 39. h4 {[%clk 00:13:47]} {[%emt
00:00:28]} Kf7 {[%clk 00:16:50]} {[%emt 00:00:14]} 40. h5 {[%clk 00:13:31]}
{[%emt 00:00:27]} Rd6 {[%clk 00:14:27]} {[%emt 00:02:34]} 41. Ke4 {[%clk
00:08:35]} {[%emt 00:05:05]} Rd8 {[%clk 00:13:30]} {[%emt 00:01:07]} 42. Rc3
{[%clk 00:05:54]} {[%emt 00:02:51]} Ke7 {[%clk 00:13:11]} {[%emt 00:00:28]} 43.
Rc4 {[%clk 00:05:23]} {[%emt 00:00:42]} Rd6 {[%clk 00:12:04]} {[%emt 00:01:17]}
44. Bc8 {[%clk 00:03:57]} {[%emt 00:01:36]} Kd8 {[%clk 00:11:09]} {[%emt
00:01:05]} 45. Bd7 {[%clk 00:03:57]} {[%emt 00:00:10]} Ke7 {[%clk 00:10:42]}
{[%emt 00:00:37]} 46. Rb4 {[%clk 00:03:49]} {[%emt 00:00:18]} Na6 {[%clk
00:10:33]} {[%emt 00:00:20]} 47. Rb5 {[%clk 00:03:48]} {[%emt 00:00:11]} Nc7
{[%clk 00:10:25]} {[%emt 00:00:17]} 48. Rb7 {[%clk 00:03:47]} {[%emt 00:00:11]}
Na6 {[%clk 00:10:25]} {[%emt 00:00:01]} 49. Ra7 {[%clk 00:02:34]} {[%emt
00:01:23]} Nc5+ {[%clk 00:09:30]} {[%emt 00:01:06]} 50. Kf5 {[%clk 00:02:34]}
{[%emt 00:00:05]} Kd8 {[%emt 00:01:21]} 51. Ra8+ {[%clk 00:02:00]} {[%emt
00:00:42]} Kc7 {[%clk 00:07:59]} {[%emt 00:00:31]} 52. Rc8+ {[%clk 00:02:00]}
{[%emt 00:00:10]} Kb6 {[%clk 00:07:59]} {[%emt 00:00:01]} 53. Rg8 {[%clk
00:01:16]} {[%emt 00:00:53]} Nxd7 {[%clk 00:07:26]} {[%emt 00:00:44]} 54. cxd7
{[%clk 00:01:16]} {[%emt 00:00:02]} Rxd7 {[%clk 00:07:26]} 55. Kg6 {[%clk
00:01:16]} Rd4 {[%clk 00:07:26]} 56. Rxg7 {[%clk 00:01:16]} {[%emt 00:00:03]}
Rxf4 {[%clk 00:07:26]} {[%emt 00:00:02]} 57. Kxh6 {[%clk 00:01:16]} Kc6 {[%clk
00:07:15]} {[%emt 00:00:22]} 58. Rg6 {[%clk 00:01:16]} {[%emt 00:00:10]} Kd7
{[%clk 00:07:15]} 59. Kg7 {[%clk 00:01:16]} {[%emt 00:00:01]} f5 {[%clk
00:06:58]} {[%emt 00:00:28]} 60. gxf5 {[%clk 00:00:51]} {[%emt 00:00:34]} Ke7
{[%clk 00:06:52]} {[%emt 00:00:16]} 61. f6+ {[%clk 00:00:51]} {[%emt 00:00:03]}
Ke8 {[%emt 00:00:02]} 62. h6 {[%clk 00:00:51]} {[%emt 00:00:04]} 1-0

[Event "2025 National K-12 Grade Championship"]
[Site "Spokane, WI USA, United States"]
[Date "2025.12.13"]
[Round "4.13"]
[White "Das, Aditeya"]
[Black "Bimod, Karthik"]
[Result "1-0"]
[TimeControl "G/90; d10"]
[WhiteTitle "FM"]
[WhiteFideId "30975972"]
[BlackFideId "48740624"]
[WhiteElo "2382"]
[BlackElo "2016"]

1. e4 {[%clk 01:27:35]} {[%emt 00:02:35]} c5 {[%clk 01:29:59]} {[%emt
00:00:12]} 2. Nf3 {[%clk 01:27:35]} {[%emt 00:00:06]} d6 {[%clk 01:29:59]}
{[%emt 00:00:04]} 3. d4 {[%clk 01:27:35]} {[%emt 00:00:06]} cxd4 {[%clk
01:29:59]} {[%emt 00:00:07]} 4. Nxd4 {[%clk 01:27:35]} {[%emt 00:00:03]} Nf6
{[%clk 01:29:59]} {[%emt 00:00:07]} 5. Nc3 {[%clk 01:27:35]} {[%emt 00:00:03]}
a6 {[%clk 01:29:59]} {[%emt 00:00:04]} 6. Bg5 {[%clk 01:27:35]} {[%emt
00:00:04]} Nbd7 {[%clk 01:29:59]} {[%emt 00:00:10]} 7. Qe2 {[%clk 01:27:31]}
{[%emt 00:00:14]} h6 {[%clk 01:26:43]} {[%emt 00:03:26]} 8. Bh4 {[%clk
01:27:31]} {[%emt 00:00:08]} e6 {[%clk 01:25:57]} {[%emt 00:00:56]} 9. O-O-O
{[%clk 01:27:23]} {[%emt 00:00:19]} Be7 {[%clk 01:25:16]} {[%emt 00:00:49]} 10.
f4 {[%clk 01:27:23]} {[%emt 00:00:02]} Qc7 {[%clk 01:23:26]} {[%emt 00:02:00]}
11. Nf3 {[%clk 01:17:16]} {[%emt 00:10:17]} Nb6 {[%clk 01:14:39]} {[%emt
00:08:57]} 12. Qe1 {[%clk 01:05:48]} {[%emt 00:11:38]} d5 {[%clk 00:59:44]}
{[%emt 00:15:06]} 13. e5 {[%clk 01:05:30]} {[%emt 00:00:28]} Ng8 {[%clk
00:59:33]} {[%emt 00:00:21]} 14. Bxe7 {[%clk 00:59:03]} {[%emt 00:06:37]} Nxe7
{[%clk 00:59:32]} {[%emt 00:00:10]} 15. Ne2 {[%clk 00:59:03]} {[%emt 00:00:09]}
Bd7 {[%clk 00:54:49]} {[%emt 00:04:52]} 16. Ned4 {[%clk 00:58:42]} {[%emt
00:00:32]} O-O-O {[%clk 00:52:42]} {[%emt 00:02:16]} 17. Qb4 {[%clk 00:53:54]}
{[%emt 00:04:59]} Nc6 {[%clk 00:51:21]} {[%emt 00:01:30]} 18. Nxc6 {[%clk
00:53:45]} {[%emt 00:00:19]} Bxc6 {[%clk 00:50:47]} {[%emt 00:00:44]} 19. Nd4
{[%clk 00:53:45]} {[%emt 00:00:07]} Na8 {[%clk 00:45:39]} {[%emt 00:05:18]} 20.
Rd3 {[%clk 00:52:05]} {[%emt 00:01:51]} Qb6 {[%clk 00:44:31]} {[%emt 00:01:18]}
21. Qxb6 {[%clk 00:51:36]} {[%emt 00:00:39]} Nxb6 {[%clk 00:44:28]} {[%emt
00:00:12]} 22. Rc3 {[%clk 00:51:36]} {[%emt 00:00:08]} Kd7 {[%clk 00:36:18]}
{[%emt 00:08:20]} 23. Bxa6 {[%clk 00:49:55]} {[%emt 00:01:51]} Ra8 {[%clk
00:33:23]} {[%emt 00:03:05]} 24. Nxc6 {[%clk 00:46:56]} {[%emt 00:03:09]} Rxa6
{[%clk 00:32:17]} {[%emt 00:01:16]} 25. Nb4 {[%clk 00:46:56]} {[%emt 00:00:10]}
Ra4 {[%clk 00:32:13]} {[%emt 00:00:14]} 26. a3 {[%clk 00:46:56]} {[%emt
00:00:05]} Rha8 {[%clk 00:31:15]} {[%emt 00:01:08]} 27. Rd1 {[%clk 00:45:45]}
{[%emt 00:01:21]} Rc8 {[%clk 00:28:15]} {[%emt 00:03:10]} 28. Rxc8 {[%clk
00:43:48]} {[%emt 00:02:06]} Kxc8 {[%clk 00:28:15]} {[%emt 00:00:09]} 29. g4
{[%clk 00:43:23]} {[%emt 00:00:35]} Ra8 {[%clk 00:26:53]} {[%emt 00:01:32]} 30.
Rd3 {[%clk 00:40:34]} {[%emt 00:03:00]} Kd7 {[%clk 00:26:18]} {[%emt 00:00:46]}
31. Rh3 {[%clk 00:40:34]} {[%emt 00:00:05]} Rh8 {[%clk 00:24:06]} {[%emt
00:02:22]} 32. b3 {[%clk 00:40:31]} {[%emt 00:00:14]} Ke7 {[%clk 00:22:40]}
{[%emt 00:01:35]} 33. a4 {[%clk 00:39:36]} {[%emt 00:01:05]} Nd7 {[%clk
00:22:08]} {[%emt 00:00:42]} 34. Re3 {[%emt 00:07:59]} Rc8 {[%clk 00:19:57]}
{[%emt 00:02:12]} 35. Kb1 {[%clk 00:31:27]} {[%emt 00:00:52]} Rc5 {[%clk
00:18:58]} {[%emt 00:01:08]} 36. h3 {[%clk 00:28:40]} {[%emt 00:02:57]} Rc8
{[%clk 00:18:48]} {[%emt 00:00:20]} 37. Kb2 {[%clk 00:28:16]} {[%emt 00:00:35]}
Kd8 {[%clk 00:17:54]} {[%emt 00:01:04]} 38. Nd3 {[%clk 00:25:54]} {[%emt
00:02:31]} Ke7 {[%clk 00:17:52]} {[%emt 00:00:12]} 39. Re1 {[%clk 00:25:47]}
{[%emt 00:00:18]} Rc7 {[%clk 00:16:57]} {[%emt 00:01:05]} 40. a5 {[%clk
00:25:15]} {[%emt 00:00:42]} Nb8 {[%clk 00:16:22]} {[%emt 00:00:45]} 41. Ra1
{[%clk 00:23:50]} {[%emt 00:01:35]} Kd7 {[%clk 00:14:46]} {[%emt 00:01:46]} 42.
c3 {[%clk 00:22:12]} {[%emt 00:01:48]} Na6 {[%clk 00:14:45]} {[%emt 00:00:11]}
43. h4 {[%clk 00:21:26]} {[%emt 00:00:55]} Rc8 {[%clk 00:14:19]} {[%emt
00:00:36]} 44. h5 {[%clk 00:21:01]} {[%emt 00:00:35]} Kc6 {[%clk 00:14:00]}
{[%emt 00:00:29]} 45. Rg1 {[%clk 00:18:24]} {[%emt 00:02:48]} Rh8 {[%clk
00:13:20]} {[%emt 00:00:49]} 46. b4 {[%clk 00:18:08]} {[%emt 00:00:27]} Rh7
{[%clk 00:10:28]} {[%emt 00:03:02]} 47. f5 {[%clk 00:16:20]} {[%emt 00:01:58]}
Rh8 {[%clk 00:09:08]} {[%emt 00:01:30]} 48. Rf1 {[%clk 00:15:42]} {[%emt
00:00:49]} Rc8 {[%clk 00:08:32]} {[%emt 00:00:46]} 49. Kb3 {[%clk 00:14:08]}
{[%emt 00:01:45]} b6 {[%clk 00:08:32]} {[%emt 00:00:07]} 50. axb6 {[%clk
00:13:54]} {[%emt 00:00:24]} Kxb6 {[%clk 00:08:32]} {[%emt 00:00:05]} 51. Rf4
{[%clk 00:10:14]} {[%emt 00:03:49]} Kb5 {[%clk 00:07:59]} {[%emt 00:00:43]} 52.
Rd4 {[%clk 00:07:35]} {[%emt 00:02:49]} Rc4 {[%clk 00:07:12]} {[%emt 00:00:58]}
53. f6 {[%clk 00:07:11]} {[%emt 00:00:34]} gxf6 {[%clk 00:06:44]} {[%emt
00:00:37]} 54. exf6 {[%clk 00:07:11]} {[%emt 00:00:04]} Rc8 {[%clk 00:06:20]}
{[%emt 00:00:34]} 55. Ne5 {[%clk 00:07:11]} {[%emt 00:00:03]} Rf8 {[%clk
00:06:20]} {[%emt 00:00:09]} 56. Rd1 {[%clk 00:06:06]} {[%emt 00:01:15]} Nc7
{[%clk 00:06:07]} {[%emt 00:00:23]} 57. Ra1 {[%clk 00:04:31]} {[%emt 00:01:45]}
Rg8 {[%clk 00:05:40]} {[%emt 00:00:37]} 58. Nxf7 {[%clk 00:04:31]} {[%emt
00:00:07]} Rxg4 {[%clk 00:05:08]} {[%emt 00:00:42]} 59. Ne5 {[%clk 00:04:24]}
{[%emt 00:00:17]} Rf4 {[%clk 00:05:01]} {[%emt 00:00:17]} 60. f7 {[%clk
00:04:24]} {[%emt 00:00:06]} Kb6 {[%clk 00:04:56]} {[%emt 00:00:16]} 61. f8=Q
{[%clk 00:04:23]} {[%emt 00:00:10]} 1-0